Золота книга казок (Запис № 17373)

000 -Маркер запису
Контрольне поле сталої довжини 01226nam a22002657a 4500
003 - Належність контрольного номера
Контрольне поле Uzh_bibl
008 - Кодовані дані
Контрольне поле сталої довжини 260417b |||||||| |||| 00| 0 ukr d
020 ## - Індекс ISBN
ISBN 5-301-00494-8
Ціна 1,74
040 ## - Джерело каталогіз.
Код мови каталог. укр.
041 ## - Код мови видання
Код мови оригіналу українська
Код мови тексту українська
080 ## - Індекс УДК
Індекс УДК 821.161.2
090 ## - Шифри
Поличний індекс 821.161.2
Авторський знак З-80
100 ## - Автор
Автор -
245 ## - Назва
Назва Золота книга казок
Продовж. назви Українські народні казки
Відповідальність Упоряд. Л.Ф. Дунаєвська
Фізичний носій Текст
260 ## - Вихідні дані
Місце видання Київ
Видавництво "Веселка"
Дата видання 1990
300 ## - Фізичний опис
Обсяг 431 с.
Ілл./тип відтвор. іл.
Тип одиниці В опр.
490 ## - Серія
Назва серії Золота бібліотека учня
520 ## - Анотація
Анотація Збірник відкриває багатотомну «Золоту бібліотеку учня». До нього ввійшли кращі українські народні казки: про тварин, чарівні (фантастичні), соціально-побутові.
521 ## - Примітка про цільове призначення
Примітка про цільове призначення Для широкого кола читачів.
546 ## - Примітка про мову
Примітка про мову укр.
650 ## - Тематичні рубрики
Основна рубрика Літературно-художнє видання
653 ## - Ключові слова
Ключові слова Біда
-- Заяче сало
-- Хліб і золото
655 ## - Термін індексування — жанр/форма
Жанр/форма Художня література
Типове ділення Казки
942 ## - ADDED ENTRY ELEMENTS (KOHA)
Джерело класифікації чи схема поличного розташування
Koha item type Книги
Фонди
Статус вилучення Статус втрати/відсутності Джерело класифікації чи схема поличного розташування Статус пошкодження Тип обігу (не для випозичання) Постійне розташування Поточне розташування Розташування у відділі Дата надходження Інвентарний номер Total Checkouts Повний (примірниковий) шифр зберігання Штрих-код Date last seen Дата, для якої чинна ціна заміни Тип одиниці (рівень примірника)
          Бібліотека-філія №2 Бібліотека-філія №2 Абонемент молодший відділ 17/04/2026 39294/6   821.161.2 19675 17/04/2026 17/04/2026 Книги

Працює на АБІС Коха